Normal view
MARC view
- ABDULLAH RASHEED
Entry Personal Name
001 - CONTROL NUMBER
- control field: 84864
003 - CONTROL NUMBER IDENTIFIER
- control field: NUST
005 - DATE AND TIME OF LATEST TRANSACTION
- control field: 20211122112931.0
008 - FIXED-LENGTH DATA ELEMENTS
- fixed length control field: 211122|| aca||aabn | a|a d
040 ## - CATALOGING SOURCE
- Original cataloging agency: NUST
- Transcribing agency: NUST
100 ## - HEADING--PERSONAL NAME
- Personal name: ABDULLAH RASHEED
670 ## - SOURCE DATA FOUND
- Source citation: Work cat.: (NUST)577227: ABDULLAH RASHEED , TH-SOF-1404-Stabilization Of 3D Pavement Images for Potholes Metrology Using Kalman Filter, 2017
